000
00352 a2200169 4500
001
170468
020
_a
85-262-3433-1
040
_c
Magnum
100
_a
Stefanovits, Ângelo a
240
1
0
_a
Werther
_l
por
245
1
0
_a
Werther
300
_a
87
362
0
_a
1998
440
1
_a
Scipione
697
_a
LITERATURA JUVENIL ESTRANGEIRA
942
_c
BK
999
_c
170468
_d
170468